| 000 | 00632nam a2200205 a 4500 | ||
|---|---|---|---|
| 001 | 000023023 | ||
| 005 | 20200930021934.0 | ||
| 008 | 101124s1937 fr r 000 0 spa d | ||
| 040 |
_aDO-SdBNP _bspa _cBNPHU |
||
| 082 |
_a843.9 _bB458p, 1937 |
||
| 100 | 1 |
_aBenda, Julien _d1867 -1956 _947365 |
|
| 245 | 1 | 0 |
_aPrecisión : _b1930-1937 / _cJulien Benda. |
| 250 | _a3a ed. | ||
| 260 |
_aParís : _bGallimard, _c1937. |
||
| 300 |
_a222 p. ; _c18 cm. |
||
| 504 | _aIncluye referencias bibliográficas y notas al pie de las páginas. | ||
| 650 | 4 |
_aNovela francesa _91075 |
|
| 650 | 4 |
_aLiteratura francesa _ySIGLO XX _94232 |
|
| 049 | _aBNGR | ||
| 999 |
_c22520 _d22520 |
||